Nombra las 50 ciudades más austral del mundo - Estadísticas

Estadísticas generales
  • Esta prueba ha sido intentada 12 veces
  • La puntuación promedio es 7 de 50
Estadísticas de respuestas
País Latitud Población Ciudad % Correcto
Argentina -54.8°S 79 409 Ushuaia
82%
Nueva Zelanda -41.3°S 433 900 Wellington
64%
Nueva Zelanda -36.9°S 1 794 400 Auckland
55%
Australia -37.8°S 5 350 705 Melbourne
55%
Chile -53.1°S 123 403 Punta Arenas
55%
Argentina -51.6°S 115 585 Río Gallegos
45%
Argentina -38.9°S 287 787 Neuquén
36%
Chile -41.4°S 245 902 Puerto Montt
36%
Nueva Zelanda -43.5°S 556 500 Christchurch
27%
Argentina -45.8°S 199 369 Comodoro Rivadavia
27%
Argentina -53.8°S 97 611 Río Grande
27%
Argentina -43.2°S 104 657 Trelew
27%
Argentina -42.7°S 97 625 Puerto Madryn
18%
Chile -39.8°S 182 086 Valdivia
18%
Argentina -40.8°S 57 341 Viedma
18%
Argentina -38.7°S 334 505 Bahía Blanca
9%
Argentina -46.4°S 56 310 Caleta Olivia
9%
Chile -36.8°S 1 187 170 Concepción
9%
Argentina -39.0°S 102 750 General Roca
9%
Chile -37.4°S 220 330 Los Ángeles
9%
Argentina -38.0°S 644 234 Mar del Plata
9%
Argentina -41.1°S 134 978 San Carlos de Bariloche
9%
Chile -37.8°S 53 262 Angol
0%
Argentina -36.7°S 75 906 Azul
0%
Argentina -37.8°S 51 736 Balcarce
0%
Australia -37.5°S 111 973 Ballarat
0%
Australia -36.7°S 103 034 Bendigo
0%
Argentina -38.9°S 95 524 Cipolletti
0%
Argentina -36.6°S 116 083 Ciudad de Santa Rosa
0%
Chile -45.5°S 57 818 Coyhaique
0%
Nueva Zelanda -45.8°S 104 000 Dunedin
0%
Australia -38.1°S 282 809 Geelong
0%
Nueva Zelanda -37.7°S 235 700 Hamilton
0%
Australia -42.8°S 197 451 Hobart
0%
Nueva Zelanda -46.4°S 52 100 Invercargill
0%
Australia -41.4°S 90 953 Launceston
0%
Nueva Zelanda -39.5°S 66.400 Napier
0%
Argentina -38.5°S 102 110 Necochea
0%
Nueva Zelanda -41.3°S 50 800 Nelson
0%
Nueva Zelanda -39.0°S 60 200 New Plymouth
0%
Argentina -36.9°S 111 708 Olavarría
0%
Chile -40.5°S 171 455 Osorno
0%
Nueva Zelanda -40.3°S 99 300 Palmerston North
0%
Chile -41.3°S 50 699 Puerto Varas
0%
Nueva Zelanda -38.1°S 72 800 Rotorua
0%
Argentina -37.3°S 137 376 Tandil
0%
Nueva Zelanda -37.6°S 160 900 Tauranga
0%
Chile -38.7°S 369 969 Temuco
0%
Argentina -38.3°S 52 199 Tres Arroyos
0%
Chile -39.2°S 51 511 Villarrica
0%
No se encontraron pruebas coincidentes
Distribución de puntuación
Porcentaje de gente con cada puntuación
Porcentaje por número respondido
Historial de tus puntuaciones
No has intentado esta prueba.